00976nam a2200253 i 450000100060000000300090000600500170001500700030003200800410003502000180007608000210009408000280011510000520014324500920019526000500028730000390033749000450037660000520042165100350047383000530050885200220056199900170058395201220060072257ES-MaACL20231221210348.0t|040830s1973 sp ||||1| spa d a84-500-5789-2 a929 Valera, Juan a946.035.1 Cabra (089.3)1 aGiménez Caballero, Ernesto,d1899-198895703810aCabra, la cordobesa : bbalcón poético de España / cErnesto Giménez Caballero. aMadrid : bPublicaciones Españolas, c1973. a63 p., [8] p. de lám. ; c21 cm.1 aTemas españoles. Regiones y provincias14aValera, Juan,d1824-1905-xBiografías9112639 4aCabra-vMisceláneas.91718571 aTemas españoles. Regiones y provincias9231106 aES-MaACLjC-54010 c72257d72257 00104070aATENEOMbATENEOMcDEPO2d2008-01-17eSCl0oC-54010p1075648r2023-02-23 00:00:00w2023-02-23yMONOGRAFIA